00485nam a2200205Ia 4500008004100000020001800041050001400059100002200073245003400095245002500129260001000154260001600164260000900180300001600189300002600205300001000231300002300241440000700264500000800271170918s9999 xx 000 0 und d a9780439691468 bS857 2005 aStilton, Geronimo aField trip to Niagara Falls / cby Geronimo Stilton. aUSA : bScholastic, c2005 a110 pages : bcolor illustrations ; c19cm. eGeronimo Stilton ; a24 a580